Statistics for U.S. Cities by Clue #3

Click here to take the quiz!

General Stats

  • This quiz has been taken 22,622 times
    (16,997 since last reset)
  • The average score is 11 of 20

Answer Stats

Clues City % Correct
Big Apple, Bronx, BagelsNew York City
99%
Gambling, Strippers, Mojave DesertLas Vegas
91%
Tea Party, Fenway Park, Big DigBoston
89%
Marion Barry, Cherry Blossoms,
Pennsylvania Avenue
Washington DC
84%
NASA, Gulf of Mexico, EnronHouston
82%
Gateway Arch, Budweiser,
Mississippi River
St. Louis
75%
Drew Carey, Lake Erie, Rock & Roll HOFCleveland
69%
Grand Ole Opry, Vanderbilt, Miley CyrusNashville
69%
U.S. Navy, Anchorman, Gaslamp QuarterSan Diego
61%
Auto Racing, Eli Lilly, Kurt VonnegutIndianapolis
52%
Horse Racing, Ohio River, Baseball BatsLouisville
50%
Lambeau, Door Peninsula, MeatpackingGreen Bay
49%
SXSW, Whole Foods, Keep it WeirdAustin
46%
City of Roses, Willamette Valley,
Where Young People Go to Retire
Portland
44%
The Office, Electric City, Joe BidenScranton
39%
Warren Buffett, Steak, Missouri RiverOmaha
38%
Lake Michigan, U.S. Steel,
Jackson Family
Gary
32%
Former NHL City, Courant Newspaper,
Harriet Beecher Stowe
Hartford
21%
University Town, R.E.M, Oconee RiverAthens
19%
Fisherman's Wharf, Aquarium,
Cannery Row
Monterey
17%

Score Distribution

Percentile by Number Answered

Percent of People with Each Score

Your Score History

You have not taken this quiz since the last reset